Statistics for Fancy Vocabulary #3

Click here to take the quiz!

General Stats

  • This quiz has been taken 13,817 times
  • The average score is 11 of 20

Answer Stats

DefinitionAnswer% Correct
A small, natural hillKn{oll}
80%
Scold or reprimandAdm{onish}
75%
Sad, regretful, movingPoi{gnant}
73%
The human faceVi{sage}
72%
Rapid heart-beatPal{pitation}
67%
Sheath for a sword or daggerSca{bbard}
67%
Take in liquidsImb{ibe}
66%
Sordid dirtinessSq{ualor}
64%
A soft, gentle breezeZe{phyr}
62%
Noisy quarrelFra{cas}
53%
Sweet-sounding, pleasantDul{cet}
51%
Unrestrained merrymakingRev{elry}
51%
Distress or embarrassmentCha{grin}
49%
Split or divide into twoBif{urcate}
48%
Idylically rusticBuc{olic}
45%
IndigestionDys{pepsia}
38%
Wine-makerVi{ntner}
33%
Large-scale sacred musical workOra{torio}
26%
Tearful, weepingLach{rymose}
25%
To release from slaveryManu{mit}
13%

Score Distribution

Percentile by Number Answered

Percent of People with Each Score

Your Score History

You have not taken this quiz